000 00651nam a2200253Ia 4500
003 OSt
005 20221005101137.0
006 a|||||r|||| 00| 0
007 ta
008 221004b |||||||| |||| 00| 0 eng d
020 _a0858690047
024 _a21238
037 _cTextual
040 _aCRL
_cCRL
_beng
041 _2eng
_aeng
082 _aO111,1NMAx, L5
100 _aMacrae K L
_9621799
245 0 _aAmazing scaffold
260 _aSydney
_bNew Poetry Australia
_c1975
300 _a60 p.
_ccm.
650 _aENGLISH LITERATURE
942 _hO111,1NMAx, L5
_cTEXL
_2cc
999 _c1006299
_d1006299